| 000 | 00869aam a2200277 i 4500 | ||
|---|---|---|---|
| 001 | 433 | ||
| 003 | CO-MdBIC | ||
| 005 | 20210828093534.0 | ||
| 008 | 210828t1989 ck abc|| |||| 00| 0 eng d | ||
| 020 | _a958-614-253-1 | ||
| 040 |
_bspa. _aCO-MdFUSB _cCO-MdFUSB _dCO-MdFUSBC _erda |
||
| 041 | _aspa | ||
| 082 | 0 | 4 | _aR 986.1 T596o |
| 245 | 1 | 0 |
_aHistoria Política 1886-1946 / Gloria Zea, Dirección del proyecto, Jaime Jaramillo Uribe, Director científico. _c/ |
| 260 | _aBogotá, Colombia : Planeta | ||
| 264 | 1 |
_aBogotá, Colombia : _bPlaneta, _c[1989] |
|
| 264 | 4 | _c© 1989 | |
| 300 |
_a359 Pag. _c; |
||
| 336 |
_2rdacontent _atexto _btxt |
||
| 337 |
_2rdamedia _asin mediación _bn |
||
| 338 |
_2rdacarrier _avolumen _bnc |
||
| 500 | _aTítulo original : Manual de historia de Colombia | ||
| 653 |
_aColombia _ahistoria |
||
| 942 | _cBK | ||
| 945 | _aEstudiante | ||
| 999 |
_c31962 _d31962 |
||